| 000 | 01414aab a2200193 i 4500 | ||
|---|---|---|---|
| 001 | 768714001 | ||
| 003 | CO-MdFUSB | ||
| 005 | 20240422103730.0 | ||
| 008 | 240405t1984 cr ||||| |||| 00| 0 spa d | ||
| 040 |
_bspa _cCO-MdFUSB |
||
| 041 | _aspa | ||
| 100 | 1 |
_aStam, Juan _eautor |
|
| 245 | 1 | 0 |
_aEscatología _c/ Juan Stam |
| 300 |
_aVolumen 3, número 1 (marzo, 1984), páginas: 22 - 23 _c; 27 cm |
||
| 520 | _aLos temas escatológicos dominan actualmente al ambiente teológico de los evangélicos en Centroamérica, muchas veces hasta eclipsar otros temas urgentes (misión de la iglesia, hermenéutica, teología evangélica de la historia y la sociedad, etc. Por lo mismo, esta ‘‘ola apocalíptica‘‘ plantea dramáticamente el problema más crítico y fundamental para los evangélicos latinoamericanos: el problema hermenéutico. Este es precisamente el equivalente anti- guo del contexto histórico en los cuales se desarrolla la vida y misión de la iglesia en América Latina hoy dia. Pero la teología que hemos heredado ha sido muy deficiente en cuanto a una escatología seria, a una visión de la historia y a una ética social que nos ayuden a ver bíblicamente nuestra realidad y su significado para la misión de la iglesia. | ||
| 650 | 7 |
_aEscatología _9213 |
|
| 773 | 0 |
_tIglesia y Misión _049402 _959687 _gVolumen 3, número 1 (marzo, 1984), páginas: 22 - 23 _qpáginas: 22 |
|
| 942 | _cANA | ||
| 999 |
_c51445 _d51445 |
||